00283nam a2200109 a 4500008004100000050001500041100002300056245003800079260003200117300001500149350000900164120416s1964 ||||||||||||||||| || u aHG 229 Bal aBall, Robert James10aInflation and the theory of money aLondonbAllen & Unwinc1964 a313p : ill a0.00